| 000 | nam a22 7a 4500 | ||
|---|---|---|---|
| 999 |
_c29296 _d29296 |
||
| 008 | 171124b xxu||||| |||| 00| 0 eng d | ||
| 020 | _a9780415578134 | ||
| 050 | _aLB 2368 .F55 2011 | ||
| 100 |
_aNerlee Flint, Bruce John. _d2011. |
||
| 245 |
_aTowards Fairer University Assessment / _bRecognizing Concerns of Students / _cNerlee Flint, Bruce John. |
||
| 250 | _a1st ed. | ||
| 260 |
_aUSA: _bRoutledge, _c2011. |
||
| 300 |
_aviii,175p. :ill. _bincludes bibliographicalrefernces and index. _c20cm |
||
| 650 | _aCollege students | ||
| 942 |
_2lcc _cBOOKS _hLB 2368 .F55 2011 |
||